| 000 | 00633nam a22002052 4500 | ||
|---|---|---|---|
| 001 | 0000019535 | ||
| 005 | 20151217152156.0 | ||
| 008 | 110106s xx 000 0 eng d | ||
| 020 | _a039331636x : | ||
| 040 |
_aKABU _cKABU |
||
| 100 | 1 |
_aWard, Darrell E. _@0000179278 |
|
| 245 | 1 | 4 |
_aThe AmFar aids handbook : _bthe complete guide to understanding HIV and AIDS / _cDarrell E. Ward. |
| 250 | _a1st ed. | ||
| 260 |
_aNew York : _bW. W. Norton, _c1999. |
||
| 300 | _axxvii, 467 p. | ||
| 650 | 0 |
_aAIDS (Disease) _@0000148458 |
|
| 852 | 1 | _9p1995 KES | |
| 908 | _a110106 | ||
| 950 | _@1 | ||
| 999 |
_c8990 _d8990 |
||